<?xml version="1.0" encoding="UTF-8"?><?xml-stylesheet type="text/xsl" href="static/style.xsl"?><OAI-PMH xmlns="http://www.openarchives.org/OAI/2.0/" xmlns:xsi="http://www.w3.org/2001/XMLSchema-instance" xsi:schemaLocation="http://www.openarchives.org/OAI/2.0/ http://www.openarchives.org/OAI/2.0/OAI-PMH.xsd"><responseDate>2026-04-17T19:14:01Z</responseDate><request verb="GetRecord" identifier="oai:www.recercat.cat:10230/46893" metadataPrefix="marc">https://recercat.cat/oai/request</request><GetRecord><record><header><identifier>oai:recercat.cat:10230/46893</identifier><datestamp>2025-12-18T01:20:18Z</datestamp><setSpec>com_2072_6</setSpec><setSpec>col_2072_452952</setSpec></header><metadata><record xmlns="http://www.loc.gov/MARC21/slim" xmlns:dcterms="http://purl.org/dc/terms/" xmlns:xsi="http://www.w3.org/2001/XMLSchema-instance" xmlns:doc="http://www.lyncode.com/xoai" xsi:schemaLocation="http://www.loc.gov/MARC21/slim http://www.loc.gov/standards/marcxml/schema/MARC21slim.xsd">
   <leader>00925njm 22002777a 4500</leader>
   <datafield ind2=" " ind1=" " tag="042">
      <subfield code="a">dc</subfield>
   </datafield>
   <datafield ind2=" " ind1=" " tag="720">
      <subfield code="a">Mädebach, Andreas</subfield>
      <subfield code="e">author</subfield>
   </datafield>
   <datafield ind2=" " ind1=" " tag="720">
      <subfield code="a">Kurtz, Franziska</subfield>
      <subfield code="e">author</subfield>
   </datafield>
   <datafield ind2=" " ind1=" " tag="720">
      <subfield code="a">Schriefers, Herbert</subfield>
      <subfield code="e">author</subfield>
   </datafield>
   <datafield ind2=" " ind1=" " tag="720">
      <subfield code="a">Jescheniak, Jörg D.</subfield>
      <subfield code="e">author</subfield>
   </datafield>
   <datafield ind2=" " ind1=" " tag="260">
      <subfield code="c">2021-03-23T08:22:21Z</subfield>
   </datafield>
   <datafield ind2=" " ind1=" " tag="260">
      <subfield code="c">2021-03-23T08:22:21Z</subfield>
   </datafield>
   <datafield ind2=" " ind1=" " tag="260">
      <subfield code="c">2020</subfield>
   </datafield>
   <datafield ind2=" " ind1=" " tag="520">
      <subfield code="a">We investigated whether the phonological co-activation of alternative names in picture naming (e.g. “fish” for target “shark”) is reduced by contextual constraints which render them inappropriate. In the constraining context, the target naming response was preceded by a naming response to an object from the same category (e.g. an eel) which remained visible during target naming. Therefore, use of the alternative target name “fish” would result (a) in an ambiguous response because of the visual context and (b) in a pragmatically odd response because of the previous naming response. In Experiment 1 the context pictures were named by the participants themselves and in Experiment 2 by a communication partner. In both experiments, interference from distractor words phonologically related (“finger”) versus unrelated (“book”) to the alternative name was observed regardless of context. This finding indicates limited flexibility in lexical activation during speech planning.</subfield>
   </datafield>
   <datafield ind2=" " ind1=" " tag="520">
      <subfield code="a">Our research was supported by the German Research Foundation (DFG JE229/11-1). Andreas Mädebach was supported by a Beatriu de Pinós postdoctoral grant (2017 BP 00180) of the Catalan Government during the writing of this manuscript. We thank Tobias Struck and Ismail Ayoub for assistance in data collection.</subfield>
   </datafield>
   <datafield tag="653" ind2=" " ind1=" ">
      <subfield code="a">Speech production</subfield>
   </datafield>
   <datafield tag="653" ind2=" " ind1=" ">
      <subfield code="a">Lexical access</subfield>
   </datafield>
   <datafield tag="653" ind2=" " ind1=" ">
      <subfield code="a">Picture-word interference</subfield>
   </datafield>
   <datafield tag="653" ind2=" " ind1=" ">
      <subfield code="a">Context effects</subfield>
   </datafield>
   <datafield tag="653" ind2=" " ind1=" ">
      <subfield code="a">Joint naming</subfield>
   </datafield>
   <datafield ind2="0" ind1="0" tag="245">
      <subfield code="a">Pragmatic constraints do not prevent the co-activation of alternative names: evidence from sequential naming tasks with one and two speakers</subfield>
   </datafield>
</record></metadata></record></GetRecord></OAI-PMH>